000 00653nam a22001577a 4500
003 OSt
005 20150928150922.0
008 150928b xxu||||| |||| 00| 0 eng d
040 _cRUA
082 _aATM.Sp YEA 2003 B059 Or.1
100 _91491
_aYEAT, SOKNY.
245 _aEffect of telephone 2,5% on rubber yield of clone (PB235) at chup experimental block 89D, ប្រសិទ្ធភាពនៃអេតេហ្វូន២,៥%លើទិន្នផលកៅស៊ូពូជ(PB៣៥)នៅជុបឡូតិ៍ពីសោធន៍ ៨៩ដេ
260 _aPhnom Penh
_bRUA
_c2003
300 _a62p.
_bill.
_c29cm.
942 _2ddc
_cATMSP
999 _c1402
_d1402